| 000 | 00672 a2200229 4500 | ||
|---|---|---|---|
| 003 | OSt | ||
| 005 | 20180116192339.0 | ||
| 008 | 120510t xxu||||| |||| 00| 0 eng d | ||
| 010 | _a 73000918 | ||
| 020 | _a015555235X | ||
| 040 | _c0 | ||
| 082 | 0 | 0 | _a510 |
| 100 | 1 |
_aGraham, Malcolm, _91296 |
|
| 245 | 1 | 0 | _aMathematics: a liberal arts approach. |
| 260 |
_aNew York, _bHarcourt Brace Jovanovich _c[1973] |
||
| 300 |
_ax, 278 p .: _billus .; _c25 cm. |
||
| 500 | _aIncludes index. | ||
| 650 | 0 |
_aMathematics. _91297 |
|
| 650 | 0 |
_aFinite mathematics _91298 |
|
| 942 |
_aSADA _cBK _k510 GRA 1973 _2ddc |
||
| 999 |
_c352600 _d352600 |
||